[Event "ch-Schachbundesliga 2020"]
[Site "Karlsruhe GER"]
[Date "2020.09.19"]
[Round "6.2"]
[Board "2"]
[White "Rapport, Richard"]
[Black "Koch, Thomas1"]
[Result "1-0"]
[WhiteTitle "GM"]
[BlackTitle "IM"]
[WhiteElo "2760"]
[BlackElo "2461"]
[WhiteTeam "OSG Baden-Baden"]
[BlackTeam "Aachener SV"]
[WhiteFideId "738590"]
[BlackFideId "4600533"]
[EventDate "2020.09.16"]

1. d4 Nf6 2. c4 e6 3. Nf3 Bb4+ 4. Bd2 Qe7 5. a3 Bxd2+ 6. Qxd2 O-O 7. Nc3 d6 8.
h3 e5 9. g4 c6 10. O-O-O Re8 11. e3 e4 12. Ne1 h6 13. Be2 a6 14. Nc2 b5 15. Rdg1
bxc4 16. Bxc4 Be6 17. Bxe6 Qxe6 18. g5 hxg5 19. Rxg5 d5 20. Rhg1 g6 21. h4 Nh7
22. Re5 Qc8 23. h5 g5 24. f4 f6 25. Rxe8+ Qxe8 26. Qh2 a5 27. fxg5 fxg5 28. Qd6
Na6 29. Na1 Nb4 30. axb4 axb4 31. Nc2 bxc3 32. bxc3 Rd8 33. Qh6 Qf8 34. Qxc6 Qf2
35. Qe6+ Kf8 36. Qh6+ Ke8 37. Qe6+ Kf8 38. Qh6+ Ke8 39. Rd1 Rd7 40. Qe6+ Kd8 41.
Qa6 Qf6 42. Qa8+ Ke7 43. Nb4 Qd6 44. Nc6+ Kf6 45. Ne5 Kg7 46. Nxd7 Qxd7 47. Qa6
Nf6 48. h6+ Kg6 49. Rf1 Qe7 50. Kc2 g4 51. h7 1-0

[Event "ch-Schachbundesliga 2020"]
[Site "Karlsruhe GER"]
[Date "2020.09.19"]
[Round "6.2"]
[Board "3"]
[White "Vandenbussche, Thibaut"]
[Black "Adams, Michael"]
[Result "1/2-1/2"]
[WhiteTitle "IM"]
[BlackTitle "GM"]
[WhiteElo "2435"]
[BlackElo "2706"]
[WhiteTeam "Aachener SV"]
[BlackTeam "OSG Baden-Baden"]
[WhiteFideId "204412"]
[BlackFideId "400041"]
[EventDate "2020.09.16"]

1. e4 e5 2. Nf3 Nc6 3. Bc4 Nf6 4. d4 exd4 5. e5 Ne4 6. Qe2 Nc5 7. O-O Ne6 8. c3
d5 9. exd6 Bxd6 10. Bg5 Qd7 11. cxd4 O-O 12. Be3 Nf4 13. Bxf4 Bxf4 14. Qe4 Qf5
15. Bd3 Qxe4 16. Bxe4 Bd7 17. Nc3 Rfe8 18. Rfe1 Kf8 19. h3 Rad8 20. Rad1 a6 21.
g3 Bd6 22. Kg2 g6 23. Bd5 Rxe1 24. Rxe1 Be8 25. a3 Be7 26. Be4 f5 27. Bd5 Bf6
28. Rd1 b5 29. Kf1 a5 30. Bxc6 Bxc6 31. Ne5 Bd5 32. Nxd5 Rxd5 33. Nc6 a4 34. Rc1
Kf7 35. Ke2 Ke6 36. Rc2 h5 37. Ke3 Rd7 38. h4 Rd5 1/2-1/2

[Event "ch-Schachbundesliga 2020"]
[Site "Karlsruhe GER"]
[Date "2020.09.19"]
[Round "6.2"]
[Board "4"]
[White "Vallejo Pons, Francisco"]
[Black "Piceu, Tom"]
[Result "1-0"]
[WhiteTitle "GM"]
[BlackTitle "IM"]
[WhiteElo "2710"]
[BlackElo "2347"]
[WhiteTeam "OSG Baden-Baden"]
[BlackTeam "Aachener SV"]
[WhiteFideId "2205530"]
[BlackFideId "201952"]
[EventDate "2020.09.16"]

1. e4 c5 2. Nf3 d6 3. d4 cxd4 4. Nxd4 Nf6 5. Nc3 a6 6. Bg5 e6 7. f4 h6 8. Bh4
Nbd7 9. Qe2 e5 10. fxe5 Nxe5 11. Bxf6 Qxf6 12. Nd5 Qd8 13. Nf3 Be6 14. O-O-O Be7
15. Nxe5 Bg5+ 16. Kb1 dxe5 17. g3 Qa5 18. h4 Bd8 19. Bh3 O-O 20. Bf5 Re8 21.
Rhf1 Qc5 22. Rf3 b5 23. Rc3 Qa7 24. a3 Bb6 25. Qg4 Bxd5 26. exd5 Bd4 27. Rc6
Rad8 28. Be4 a5 29. Rxh6 1-0

[Event "ch-Schachbundesliga 2020"]
[Site "Karlsruhe GER"]
[Date "2020.09.19"]
[Round "6.2"]
[Board "6"]
[White "Bacrot, Etienne"]
[Black "Lemmers, Oscar"]
[Result "1-0"]
[WhiteTitle "GM"]
[BlackTitle "IM"]
[WhiteElo "2673"]
[BlackElo "2348"]
[WhiteTeam "OSG Baden-Baden"]
[BlackTeam "Aachener SV"]
[WhiteFideId "605506"]
[BlackFideId "1002759"]
[EventDate "2020.09.16"]

1. e4 c5 2. Nf3 e6 3. d4 cxd4 4. Nxd4 a6 5. c4 Nf6 6. Nc3 Qc7 7. Be2 b6 8. O-O
Bb7 9. Qd3 d6 10. f4 Nbd7 11. b4 d5 12. exd5 Bxb4 13. dxe6 Nc5 14. exf7+ Kxf7
15. Qh3 Bxc3 16. Qxc3 Rhe8 17. Be3 Qe7 18. Nf5 Qe6 19. Bg4 Nce4 20. Qb2 Qc6 21.
Bf3 Qd7 22. g4 Kg8 23. Rad1 Qf7 24. Bd4 h5 25. Bxf6 hxg4 26. Bxe4 Bxe4 27. Nd6
Qh5 28. Nxe4 Rxe4 29. Rd7 gxf6 30. Qxf6 Qc5+ 31. Kh1 1-0

[Event "ch-Schachbundesliga 2020"]
[Site "Karlsruhe GER"]
[Date "2020.09.19"]
[Round "6.2"]
[Board "7"]
[White "Meessen, Rudolf"]
[Black "Kasimdzhanov, Rustam"]
[Result "0-1"]
[WhiteTitle "FM"]
[BlackTitle "GM"]
[WhiteElo "2234"]
[BlackElo "2661"]
[WhiteTeam "Aachener SV"]
[BlackTeam "OSG Baden-Baden"]
[WhiteFideId "202029"]
[BlackFideId "14200244"]
[EventDate "2020.09.16"]

1. d4 Nf6 2. c4 g6 3. Nc3 d5 4. cxd5 Nxd5 5. Bd2 Bg7 6. e4 Nb6 7. Be3 O-O 8. f4
c6 9. g4 e5 10. dxe5 Qh4+ 11. Bf2 Qxg4 12. Qd2 Bh6 13. Nce2 Qd7 14. Qc3 Na6 15.
Bh3 Qe7 16. Bxc8 Raxc8 17. Nf3 Na4 18. Qb3 N4c5 19. Qa3 Nb4 20. O-O Nxe4 21. Bh4
Qc5+ 22. Kh1 Nd5 23. Qa4 f5 24. Nfd4 Rce8 25. Rf3 Nd2 26. Nb3 Qc2 27. Rh3 Nxb3
28. Re1 Na1 29. Qd4 Qe4+ 30. Qxe4 fxe4 31. Rxa1 Nxf4 32. Re3 Nxe2 33. Rxe2 Rxe5 0-1

[Event "ch-Schachbundesliga 2020"]
[Site "Karlsruhe GER"]
[Date "2020.09.19"]
[Round "6.2"]
[Board "8"]
[White "Movsesian, Sergei"]
[Black "Lamby, Philipp"]
[Result "1-0"]
[WhiteTitle "GM"]
[WhiteElo "2649"]
[BlackElo "2130"]
[WhiteTeam "OSG Baden-Baden"]
[BlackTeam "Aachener SV"]
[WhiteFideId "310204"]
[BlackFideId "4657160"]
[EventDate "2020.09.16"]

1. e4 e5 2. Nf3 Nc6 3. Bb5 a6 4. Ba4 Nf6 5. Nc3 Bd6 6. d3 h6 7. h3 b5 8. Bb3 Na5
9. d4 exd4 10. Qxd4 O-O 11. O-O Re8 12. Bd5 Nxd5 13. exd5 Nc4 14. Ne4 Be7 15. b3
Nd6 16. Bb2 Nf5 17. Qd3 d6 18. Rfe1 Bf8 19. Re2 Bd7 20. Rae1 b4 21. Nf6+ gxf6
22. Rxe8 Bxe8 23. Qxf5 Bg7 24. Re3 Bd7 25. Qf4 Rb8 26. Nd2 Kf8 27. Rg3 1-0

[Event "ch-Schachbundesliga 2020"]
[Site "Karlsruhe GER"]
[Date "2020.09.19"]
[Round "6.3"]
[Board "1"]
[White "L'Ami, Erwin"]
[Black "Gumularz, Szymon"]
[Result "1/2-1/2"]
[WhiteTitle "GM"]
[BlackTitle "IM"]
[WhiteElo "2620"]
[BlackElo "2518"]
[WhiteTeam "SG Solingen"]
[BlackTeam "SF Berlin"]
[WhiteFideId "1007998"]
[BlackFideId "1188062"]
[EventDate "2020.09.16"]

1. d4 Nf6 2. c4 e6 3. Nf3 d5 4. Nc3 Nbd7 5. Bf4 dxc4 6. e3 Nd5 7. Bxc4 Nxf4 8.
exf4 Nb6 9. Bb3 g6 10. Qe2 Bg7 11. Rd1 O-O 12. Ne5 Bd7 13. Qf3 Qc8 14. h4 Rd8
15. h5 Be8 16. hxg6 hxg6 17. Qh3 Kf8 18. Ne4 Nd5 19. Ng5 Rd6 20. Qg3 Nf6 21. O-O
a5 22. a4 Raa6 23. Rfe1 Qd8 24. Qe3 Nd5 25. Qf3 Nf6 26. Qe3 Nd5 27. Qf3 Nf6 1/2-1/2

[Event "ch-Schachbundesliga 2020"]
[Site "Karlsruhe GER"]
[Date "2020.09.19"]
[Round "6.3"]
[Board "2"]
[White "Sprenger, Jan Michael"]
[Black "Tari, Aryan"]
[Result "0-1"]
[WhiteTitle "GM"]
[BlackTitle "GM"]
[WhiteElo "2482"]
[BlackElo "2630"]
[WhiteTeam "SF Berlin"]
[BlackTeam "SG Solingen"]
[WhiteFideId "4646258"]
[BlackFideId "1510045"]
[EventDate "2020.09.16"]

1. e4 c6 2. d4 d5 3. e5 Bf5 4. h4 Qc7 5. c4 dxc4 6. Bxc4 e6 7. Nc3 h6 8. Nge2
Nd7 9. Bf4 Nb6 10. Bb3 Ne7 11. Rc1 Qd7 12. O-O Ned5 13. Qd2 Be7 14. Ng3 Bxh4 15.
Nxf5 exf5 16. Nxd5 Nxd5 17. Bxd5 Qxd5 18. Qb4 O-O-O 19. Rc5 Be7 20. Rxc6+ Qxc6
21. Qxe7 Qe6 22. Qa3 Kb8 23. Be3 Qd5 24. Rc1 Rc8 25. Rc3 a6 26. Qe7 Rhe8 27.
Rxc8+ Rxc8 28. Kh2 g5 29. f3 f4 30. Bg1 Ka7 31. Qf6 Rc6 32. Qf5 Ka8 33. b3 Rc1
34. Qh7 Rc6 35. Qf5 Kb8 36. Qh7 Rg6 37. Qh8+ Ka7 38. Qc8 g4 39. fxg4 h5 40. Qf5
Rxg4 0-1

[Event "ch-Schachbundesliga 2020"]
[Site "Karlsruhe GER"]
[Date "2020.09.19"]
[Round "6.3"]
[Board "3"]
[White "Van Foreest, Jorden"]
[Black "Blohberger, Felix"]
[Result "1-0"]
[WhiteTitle "GM"]
[BlackTitle "IM"]
[WhiteElo "2682"]
[BlackElo "2467"]
[WhiteTeam "SG Solingen"]
[BlackTeam "SF Berlin"]
[WhiteFideId "1039784"]
[BlackFideId "1632051"]
[EventDate "2020.09.16"]

1. e4 e5 2. Nf3 Nf6 3. Nxe5 d6 4. Nf3 Nxe4 5. Nc3 Nxc3 6. dxc3 Be7 7. Be3 Nc6 8.
Bc4 O-O 9. Qe2 Bf5 10. O-O-O Qd7 11. h4 Rae8 12. Qd2 Na5 13. Bd3 Qa4 14. Kb1 Nc4
15. Bxc4 Qxc4 16. Nd4 Bd7 17. b3 Qd5 18. c4 Qxg2 19. Rhg1 Qe4 20. f3 Qe5 21. Nb5
Bf6 22. Bd4 Qf5 23. Nxc7 Re5 24. Nd5 1-0

[Event "ch-Schachbundesliga 2020"]
[Site "Karlsruhe GER"]
[Date "2020.09.19"]
[Round "6.3"]
[Board "4"]
[White "Jakubowski, Krzysztof"]
[Black "Andersen, Mads"]
[Result "1/2-1/2"]
[WhiteTitle "GM"]
[BlackTitle "GM"]
[WhiteElo "2481"]
[BlackElo "2585"]
[WhiteTeam "SF Berlin"]
[BlackTeam "SG Solingen"]
[WhiteFideId "1112848"]
[BlackFideId "1413864"]
[EventDate "2020.09.16"]

1. e4 c6 2. d4 d5 3. exd5 cxd5 4. Bd3 Nc6 5. c3 Nf6 6. Bf4 Bg4 7. Nf3 e6 8. Nbd2
Bd6 9. Bg3 O-O 10. O-O Bxg3 11. hxg3 e5 12. dxe5 Nxe5 13. Be2 Nc6 14. Nb3 Re8
15. Qd3 Qb6 16. Rae1 Rad8 17. Qb5 Qc7 18. Nfd4 Bc8 19. Nxc6 bxc6 20. Qa5 Qb6 21.
Bd3 Ng4 22. Re2 Rxe2 23. Bxe2 Nf6 24. Rd1 Ne4 25. Qxb6 axb6 26. c4 Be6 27. Bf3
Ra8 28. Nd4 Ng5 29. Nxc6 Nxf3+ 30. gxf3 dxc4 31. Rd6 g6 32. Nd4 Rxa2 33. Nxe6
fxe6 34. Rxb6 Ra1+ 35. Kg2 Rb1 36. Rc6 Rxb2 37. Rxc4 1/2-1/2

[Event "ch-Schachbundesliga 2020"]
[Site "Karlsruhe GER"]
[Date "2020.09.19"]
[Round "6.3"]
[Board "5"]
[White "Van Wely, Loek"]
[Black "Schmidek, Emil"]
[Result "1-0"]
[WhiteTitle "GM"]
[BlackTitle "FM"]
[WhiteElo "2615"]
[BlackElo "2395"]
[WhiteTeam "SG Solingen"]
[BlackTeam "SF Berlin"]
[WhiteFideId "1000268"]
[BlackFideId "12908150"]
[EventDate "2020.09.16"]

1. Nf3 Nf6 2. c4 e6 3. g3 d5 4. Bg2 d4 5. O-O c5 6. d3 Nc6 7. e3 Bd6 8. exd4
cxd4 9. Bg5 h6 10. Bxf6 Qxf6 11. Nbd2 Qe7 12. Re1 O-O 13. a3 a5 14. Rc1 a4 15.
Ne4 Bc7 16. c5 e5 17. Nfd2 Bd7 18. Nc4 Na5 19. Ned6 Nb3 20. Rxe5 Qf6 21. Rc2
Bxd6 22. cxd6 b5 23. Re7 bxc4 24. Rxd7 Rac8 25. Bb7 Rc5 26. dxc4 Qe6 27. Re7
Qxd6 28. Re4 Re5 29. Rxe5 Qxe5 30. Re2 Qh5 31. Kg2 d3 32. Qxd3 Nc1 33. Bf3 Qg5
34. Qc2 Nxe2 35. Qxe2 Qf6 36. c5 Rc8 37. c6 g6 38. Qb5 Kg7 39. h4 h5 40. Qb7 Qd8
41. Qa7 Qf6 42. Qb7 Qd8 43. Kg1 Rc7 44. Qb6 Rc8 45. Qb7 Rc7 46. Qb4 Qf6 47. Kg2
Rxc6 48. Bxc6 Qxc6+ 49. Kf1 Kh7 50. Ke2 Qc2+ 51. Ke3 Qd1 52. Qd2 Qb3+ 53. Kd4
Kg8 54. Kc5 Qb7 55. Qd8+ Kh7 56. Qb6 Qf3 57. Kb4 Qe4+ 58. Ka5 Qa8+ 59. Kb5 Qe4
60. Qf6 Kg8 61. Kb6 Qd5 62. Qc3 Kh7 63. Qc5 Qe4 64. Ka5 Kg8 65. Kb5 Qb7+ 66.
Kxa4 Qxb2 67. Ka5 Qd2+ 68. Ka6 Qd3+ 69. Kb6 Qb3+ 70. Ka5 Qd3 71. a4 Qd2+ 72. Ka6
Qd3+ 73. Qb5 Qd6+ 74. Kb7 Qe7+ 75. Ka8 Kh7 76. a5 Qd8+ 77. Kb7 Qe7+ 78. Kc8 Qe6+
79. Kd8 Qf6+ 80. Ke8 Kg7 81. Qb6 Qe5+ 82. Kd8 Qd5+ 83. Kc8 Qf5+ 84. Kb8 Qe5+ 85.
Qc7 Qf6 86. f4 Qb2+ 87. Kc8 Qa3 88. Qe5+ Kh7 89. f5 Qd3 90. fxg6+ Qxg6 91. Kb7
Qb1+ 92. Kc6 Qc2+ 93. Qc5 Qe4+ 94. Kc7 Qg6 95. Kc8 Qe6+ 96. Kc7 Qg6 97. Kb7 Qe4+
98. Ka7 Kg7 99. a6 Qe6 100. Kb7 Qd7+ 101. Kb6 Qd8+ 102. Kb5 Qd3+ 103. Qc4 Qd7+
104. Qc6 Qd3+ 105. Kb6 Qd4+ 106. Kb7 Qb4+ 107. Ka7 Qe7+ 108. Kb8 Qd8+ 109. Kb7
Qe7+ 110. Kc8 Qe3 111. Qd6 Qa7 112. Qe5+ Kg8 113. Qb5 Kg7 114. Qb2+ Kh7 115. Qb7
Qc5+ 116. Kd7 Qd4+ 117. Ke8 Kh6 118. a7 Qe5+ 119. Qe7 Qb5+ 120. Kf8 Qa6 121.
Qg5+ 1-0

[Event "ch-Schachbundesliga 2020"]
[Site "Karlsruhe GER"]
[Date "2020.09.19"]
[Round "6.3"]
[Board "6"]
[White "Polzin, Rainer"]
[Black "Nikolic, Predrag"]
[Result "0-1"]
[WhiteTitle "GM"]
[BlackTitle "GM"]
[WhiteElo "2415"]
[BlackElo "2562"]
[WhiteTeam "SF Berlin"]
[BlackTeam "SG Solingen"]
[WhiteFideId "4610741"]
[BlackFideId "14400014"]
[EventDate "2020.09.16"]

1. e4 e6 2. d4 d5 3. Nc3 Bb4 4. e5 c5 5. a3 Bxc3+ 6. bxc3 Qa5 7. Bd2 Qa4 8. Qb1
c4 9. Nf3 Nc6 10. Be2 Nge7 11. O-O Bd7 12. Qb2 O-O-O 13. Rae1 h6 14. h3 Kb8 15.
Nh2 Rc8 16. Ng4 Nd8 17. Ne3 Rc6 18. Qb4 Qxb4 19. axb4 Ra6 20. g4 f6 21. f4 fxe5
22. dxe5 g6 23. Ra1 Rxa1 24. Rxa1 Nf7 25. Ng2 b6 26. Ne1 g5 27. Nf3 gxf4 28.
Bxf4 Ng6 29. Bg3 Ng5 30. Kh2 Ne4 31. Nh4 Be8 32. Nxg6 Bxg6 33. Be1 Rf8 34. Kg2
Ng5 35. h4 Be4+ 36. Kg3 Nf3 37. Bf2 Nxh4 38. Be3 Ng6 39. Bxh6 Rf7 40. Be3 Kb7
41. Bd4 Bxc2 42. Bf3 Kc6 43. Ra2 Be4 44. Bd1 Rf1 45. Ba4+ Kb7 46. Rf2 Rxf2 47.
Kxf2 Kc7 48. Kg3 Kd8 49. Bd1 Ke7 50. Ba4 Kf7 51. Bd1 Bd3 52. Ba4 Be2 53. Bc2 Bd3
54. Ba4 Bb1 55. Bd1 Ba2 56. Bc2 Ne7 57. Kf4 Bb3 58. Bb1 Bd1 59. Bf2 Be2 60. Bh4
Nc6 61. Bf2 Bd3 62. b5 Na5 63. Bxd3 cxd3 64. Ke3 Kg6 65. Bh4 Nc4+ 66. Kxd3 Nxe5+
67. Kc2 Nxg4 68. Bd8 Kf7 69. Bc7 Ke7 70. Kd3 Kd7 71. Bg3 e5 0-1

[Event "ch-Schachbundesliga 2020"]
[Site "Karlsruhe GER"]
[Date "2020.09.19"]
[Round "6.4"]
[Board "1"]
[White "McShane, Luke J"]
[Black "Huschenbeth, Niclas"]
[Result "1/2-1/2"]
[WhiteTitle "GM"]
[BlackTitle "GM"]
[WhiteElo "2680"]
[BlackElo "2612"]
[WhiteTeam "SV Werder Bremen"]
[BlackTeam "FC Bayern Muenchen"]
[WhiteFideId "404853"]
[BlackFideId "24604747"]
[EventDate "2020.09.16"]

1. e4 c5 2. Nf3 e6 3. d4 cxd4 4. Nxd4 Nf6 5. Nc3 Nc6 6. Ndb5 d6 7. Bf4 e5 8. Bg5
a6 9. Na3 b5 10. Nd5 Be7 11. Bxf6 Bxf6 12. c4 b4 13. Nc2 O-O 14. h4 a5 15. g3
Be6 16. Bh3 a4 17. Nce3 Nd4 18. Kf1 b3 19. Kg2 Rb8 20. a3 Rc8 21. Rc1 Rc5 22.
Rc3 Qa8 23. Nxf6+ gxf6 24. f3 Rfc8 25. Qd3 R8c7 26. Rhc1 Kg7 27. Bg4 Qa6 28. f4
Nc2 29. Nxc2 Bxc4 30. Qf3 bxc2 31. R1xc2 Qb6 32. Rf2 Bb3 33. Rxc5 Rxc5 34. fxe5
dxe5 35. Bf5 h6 36. Qg4+ Kh8 37. Qh5 Kg7 38. Qg4+ Kh8 39. Qh5 Kg7 1/2-1/2

[Event "ch-Schachbundesliga 2020"]
[Site "Karlsruhe GER"]
[Date "2020.09.19"]
[Round "6.4"]
[Board "2"]
[White "Bogner, Sebastian"]
[Black "Areshchenko, Alexander"]
[Result "1/2-1/2"]
[WhiteTitle "GM"]
[BlackTitle "GM"]
[WhiteElo "2571"]
[BlackElo "2678"]
[WhiteTeam "FC Bayern Muenchen"]
[BlackTeam "SV Werder Bremen"]
[WhiteFideId "4692055"]
[BlackFideId "14109530"]
[EventDate "2020.09.16"]

1. Nf3 c5 2. c4 Nc6 3. d4 cxd4 4. Nxd4 Nf6 5. Nc3 e6 6. Bf4 d5 7. Ndb5 e5 8.
cxd5 exf4 9. dxc6 bxc6 10. Qxd8+ Kxd8 11. Rd1+ Bd7 12. Nd6 Bxd6 13. Rxd6 Rb8 14.
Rd2 h5 15. g3 fxg3 16. hxg3 g5 17. Bg2 Ke7 18. O-O h4 19. f4 gxf4 20. Rxf4 h3
21. Bf3 Nh5 22. Bxh5 Rxh5 23. Kh2 Be6 24. b3 a5 25. Rd3 1/2-1/2

[Event "ch-Schachbundesliga 2020"]
[Site "Karlsruhe GER"]
[Date "2020.09.19"]
[Round "6.4"]
[Board "3"]
[White "Efimenko, Zahar"]
[Black "Dragnev, Valentin"]
[Result "1/2-1/2"]
[WhiteTitle "GM"]
[BlackTitle "GM"]
[WhiteElo "2602"]
[BlackElo "2553"]
[WhiteTeam "SV Werder Bremen"]
[BlackTeam "FC Bayern Muenchen"]
[WhiteFideId "14107201"]
[BlackFideId "1634852"]
[EventDate "2020.09.16"]

1. e4 e6 2. d4 d5 3. e5 c5 4. c3 Nc6 5. Nf3 Qb6 6. Na3 cxd4 7. cxd4 Bb4+ 8. Bd2
Nge7 9. Nb5 Bxd2+ 10. Qxd2 O-O 11. Be2 Bd7 12. Nc3 f6 13. Na4 Qd8 14. exf6 Rxf6
15. Nc5 Be8 16. Nxb7 Qb6 17. Nc5 Nf5 18. Rc1 Rb8 19. b3 Qb4 20. Qxb4 Rxb4 21. a3
Rb8 22. Rd1 Rc8 23. b4 Bh5 24. Nb3 Bxf3 25. Bxf3 Nh4 26. Rd3 Rcf8 27. b5 Ne7 28.
Nd2 Neg6 29. O-O Nf4 30. Rb3 Nf5 31. Rb4 Nh4 32. Rb3 Nf5 33. Rb4 Nh4 34. Rb3 Nf5 1/2-1/2